00468nam a2200181 a 4500001001300000003000900013005001700022008004100039020001000080082001400090100001900104245004500123260003400168500003500202650001700237650001300254700001900267nice12345678IN_TiNIC20260116012846.0070615s1980 siaa grp 000 0 urd  ac10000a231bKHA1 aKhan, Barkat A aFalsafai Wahdatul Wujood and Other Books aSialkotebBarkat a Khanc1980 aincludes index and biblioraphy aTheology-God aTheology1 aKhan, Barkat A